书目信息 |
| 题名: |
超临界流体技术及其过程强化
|
|
| 作者: | 廖传华 , 周勇军 主编 | |
| 分册: | ||
| 出版信息: | 北京 中国石化出版社 2007.01 |
|
| 页数: | 181页 | |
| 开本: | 20cm | |
| 丛书名: | 超临界流体技术丛书 | |
| 单 册: | ||
| 中图分类: | TQ028.3 | |
| 科图分类: | ||
| 主题词: | 液液萃取--ye ye cui qu--化学过程 | |
| 电子资源: | ||
| ISBN: | 978-7-80229-307-6 | |
| 000 | 01000nam 2200277 450 | |
| 001 | 012007911682 | |
| 005 | 20071108075110.45 | |
| 010 | @a978-7-80229-307-6@dCNY16.00 | |
| 100 | @a20071107d2007 km y0chiy0120 ea | |
| 101 | 0 | @achi |
| 102 | @aCN@b110000 | |
| 105 | @aak a 000yy | |
| 106 | @ar | |
| 200 | 1 | @a超临界流体技术及其过程强化@Achao lin jie liu ti ji shu ji qi guo cheng qiang hua@f廖传华, 周勇军主编@Fliao chuan hua,zhou yong jun zhu bian |
| 210 | @a北京@c中国石化出版社@d2007.01 | |
| 215 | @a181页@c图@d20cm | |
| 225 | 2 | @a超临界流体技术丛书@Achao lin jie liu ti ji shu cong shu |
| 320 | @a有书目 (第175-181页)。 | |
| 330 | @a本书详细介绍了超临界CO2流体萃取的工艺过程及其强化方法,旨在指导各种实验和工业生产。 | |
| 410 | 0 | @12001 @a超临界流体技术丛书 |
| 606 | 0 | @a液液萃取@Aye ye cui qu@x化学过程 |
| 690 | @aTQ028.3@v4 | |
| 701 | 0 | @a廖传华@Aliao chuan hua@4主编 |
| 701 | 0 | @a周勇军@Azhou yong jun@4主编 |
| 801 | 0 | @aCN@b@c20071108 |
| 905 | @b265227-29@dTQ028.3@eL466@f3 | |
| 超临界流体技术及其过程强化/廖传华, 周勇军主编.-北京:中国石化出版社,2007.01 |
| 181页:图;20cm.-(超临界流体技术丛书) |
| ISBN 978-7-80229-307-6:CNY16.00 |
| 本书详细介绍了超临界CO2流体萃取的工艺过程及其强化方法,旨在指导各种实验和工业生产。 |
| ● |
| 相关链接 |
|
|
|
正题名:超临界流体技术及其过程强化
索取号:TQ028.3/L466
 
预约/预借
| 序号 | 登录号 | 条形码 | 馆藏地/架位号 | 状态 | 备注 |
| 1 | 265227 | 202652272 | 自科库501/501自科库 137排9列6层/ [索取号:TQ028.3/L466] | 在馆 | |
| 2 | 265228 | 202652281 | 自科库501/501自科库 137排9列6层/ [索取号:TQ028.3/L466] | 在馆 | |
| 3 | 265229 | 202652290 | 自科库501/501自科库 137排9列6层/ [索取号:TQ028.3/L466] | 在馆 |